|
|
|
|
| LEADER |
00000nab a2200000 a 4500 |
| 001 |
vtls000233147 |
| 003 |
SK-MaSNL |
| 005 |
20260304224822.0 |
| 008 |
220422c1985 xo 0 slo |
| 015 |
|
|
|a SNBRB19rr/mm-uuuuu
|
| 035 |
|
|
|a CL0243261
|
| 040 |
|
|
|a SNKBUCL
|b slo
|c SNKBUCL
|e AACR2
|
| 041 |
0 |
|
|a slo
|
| 044 |
|
|
|a xo
|c SK
|
| 080 |
|
|
|a 02+002.6
|2 1981
|
| 080 |
|
|
|a 002.6
|2 1981
|
| 080 |
|
|
|a 026
|2 1981
|
| 080 |
|
|
|a 61(437.6-25)
|2 1981
|
| 245 |
0 |
0 |
|a Prírastky knihovníckej a informatickej literatúry ÚVZI za I. štvrťrok 1985
|
| 610 |
2 |
7 |
|a Ústav vedeckých zdravotníckych informácií (Bratislava, Slovensko)
|2 snkbucl
|9 170167
|
| 650 |
0 |
7 |
|a literatúra knihovnícka
|2 snkbucl
|9 926511
|
| 650 |
0 |
7 |
|a literatúra informatická
|2 snkbucl
|9 1560359
|
| 650 |
0 |
7 |
|a súpisy prírastkov
|2 snkbucl
|9 1560360
|
| 655 |
|
7 |
|a články z novín a časopisov
|2 snkbucl
|9 267496
|
| 655 |
|
7 |
|a články z odboru knihovníctvo
|2 snkbucl
|9 166141
|
| 773 |
0 |
|
|t Metodický informátor pre sieť zdravotníckych knižníc a stredísk vedeckých a technických informácií
|g Roč. 20, č. 2 (1985), s. 127-128
|
| 850 |
|
|
|a Slovenská národná knižnica v Martine
|a MTA001
|
| 852 |
|
|
|a SNK
|b KIS3GCP
|
| 958 |
|
|
|a RK
|
| 958 |
|
|
|a ME
|
| 958 |
|
|
|a KL
|
| 958 |
|
|
|a SF
|
| 992 |
|
|
|a RBX
|
| 999 |
|
|
|c 3174331
|d 3176261
|